Enciclopedia cíclico-pedagógica. Grado Elemental de los cursos de 1ª Enseñanza.

Gespeichert in:
Bibliographische Detailangaben
1. Verfasser: Dalmau Carles, José. Autor
Format: keine Angabe
Sprache:Spanisch
Erschienen: Gerona Dalmau Carles, Pla, S.A.
Katalog:MANES:  Suchergebnis im Bibliothekskatalog
Schulbuchspezifische Eigenschaften:
Tags: Tag hinzufügen
Keine Tags, Fügen Sie den ersten Tag hinzu!
Hinzugefügt zu:26.04.2016
Geändert in:07.05.2025

MARC

LEADER 000000000a22000000004500
001 07747
003 OSt
005 20250507133322.0
008 160427s sp ||||| |||| 00| 0 spa d
040 |c centro_manes 
041 1 |a spa 
561 |5 es-CICE  |a España. Centro Internacional de la Cultura Escolar  |k MANES 
691 0 |a PRI 
100 1 |a Dalmau Carles, José. Autor  |9 2652 
245 0 0 |a Enciclopedia cíclico-pedagógica. Grado Elemental de los cursos de 1ª Enseñanza. 
260 3 |a Gerona  |b Dalmau Carles, Pla, S.A. 
300 |a 430 p.  |c 18,5 x 12,5 cm 
500 |a Editado en Cartoné. Precio: 12,50 pesetas. 
690 0 |a CN  |a ECS  |a GEO  |a LEN  |a MATE  |a RyM  |a HI  |a EyL 
942 |2 ddc  |c BK 
546 |a España 
999 |c 13721  |d 13721 
999 |c manes:13721  |d 13721